| 000 | 02331nam a2200469 c 4500 | ||
|---|---|---|---|
| 003 | BLK | ||
| 005 | 20230921113913.0 | ||
| 008 | 180408b bul|||||r ||||||| ||bul|| | ||
| 010 | _aKNG00079899000 | ||
| 020 |
_a954-8517-40-Х _bиздат.: Унив. изд. Св. Климент Охридски - на том(т. 1)(ICON) |
||
| 020 |
_a978-954-8517-40-9 _bиздат.: Унив. изд. Св. Климент Охридски - на том(т. 1)(ICON) |
||
| 040 | _aBLK | ||
| 041 |
_aBUL _cBUL |
||
| 080 |
_aИстория. Вж и (091) ; (093) _b93/99 _x _z93/99 |
||
| 080 |
_aСтара и антична история _b931 _x _z931 |
||
| 700 | 1 |
_aГийом, Жан _eпод ръков. на _9297445 |
|
| 700 | 1 |
_aБакалов, Георги _eпод ръков. на _9363975 |
|
| 700 | 1 |
_aАтанасов, Милен _eпрев. на том _9366719 |
|
| 139 |
_aИстория на света _bИ 95 |
||
| 245 | 1 | 0 |
_aИстория на света _bТ. 1 - _cпод ръков. на Жан Гийом; под ръков. на Георги Бакалов; прев. на том Милен Атанасов. _nТ. 1 _pПраистория (От един континент към друг) |
| 257 | _aFRA | ||
| 260 |
_аСофия _bICON _c2007 - _fСофия : Унив. изд. Св. Кл. Охридски |
||
| 300 | _c24 см | ||
| 380 | _a9 | ||
| 490 | 1 | _aLarousse | |
| 500 | _aОриг. загл. Histoire universelle | ||
| 650 | 4 |
_aИстория, световна _9261939 |
|
| 650 | 4 |
_aПраистория _9167522 |
|
| 651 | 4 |
_aАмерика _9270135 |
|
| 651 | 4 |
_aАзия _9253598 |
|
| 651 | 4 |
_aАфрика _9246452 |
|
| 651 | 4 |
_aБългария _9241624 |
|
| 653 | _aистория на света | ||
| 653 | _aпраистория | ||
| 760 | 1 |
_3- на том(т. 1)(ICON) _dУнив. изд. Св. Климент Охридски, 2007 _h352 с. _nКор. загл. История на света Праистория ...4000 г. пр. н. е. - Съдържа и Хроника ; Индекс. _tТ. 1 Праистория (От един континент към друг) |
|
| 852 | _aЦб 237374 | ||
| 856 | 4 |
_qpdf _u |
|
| 856 | 4 |
_qpdf _u |
|
| 942 |
_cKNG _n0 _07 |
||
| 944 |
_aCR _c03.12.2007 _lРусанова Ирена _k30542 |
||
| 944 |
_aED _c25.01.2010 _lф / _k |
||
| 999 |
_c75483 _d75483 |
||